Emergency medicine : (رقم التسجيلة. 31167)
[ عرض عادي ]
| 000 -الفاتح | |
|---|---|
| حقل البيانات ثابتة الطول | 01063cam a22003131a 4500 |
| 001 - رقم الضبط | |
| رقم الضبط | 17224433 |
| 003 - محدد رقم الضبط | |
| رقم الضبط | OSt |
| 005 - وقت وتاريخ اخر تعامل مع التسجيلة | |
| رقم الضبط | 20150408114142.0 |
| 008 - عناصر البيانات ثابتة الطول - معلومات عامة | |
| حقل البيانات ثابتة الطول | 120323s2011 enka bf 001 0 eng |
| 010 ## - رقم ضبط مكتبة الكونجرس | |
| رقم ضبط مكتبة الكونجرس | 2012382520 |
| 020 ## - الرقم الدولى المعيارى للكتب | |
| الرقم الدولى المعيارى للكتاب | 9781444120134 |
| 040 ## - مصدر الفهرسة | |
| وكالة الفهرسة الأصلية | DLC |
| وكالة النسخ | DLC |
| وكالة التعديل | DLC |
| 042 ## - رمز التحقق | |
| رمز التحقق | pcc |
| 050 00 - رقم طلب مكتبة الكونجرس | |
| رقم التصنيف | RC86.8 |
| رقم المادة | .B76 2011 |
| 082 00 - رقم تصنيف ديوى العشرى | |
| رقم التصنيف | 616.025 |
| رقم الطبعة | 23 |
| رقم المادة | BAE |
| 100 1# - المدخل الرئيسى - إسم شخصى | |
| الإسم الشخصى | Brown, Anthony F. T. |
| 9 (RLIN) | 37593 |
| 245 10 - بيان العنوان | |
| العنوان | Emergency medicine : |
| بقية العنوان | diagnosis and management / |
| بيان المسئوليه,etc | Anthony F.T. Brown, Michael D. Cadogan. |
| 250 ## - بيان الطبعة | |
| بيان الطبعة | 6th ed. |
| 260 ## - PUBLICATION, DISTRIBUTION, ETC. (IMPRINT) | |
| مكان الناشر او الموزع | London : |
| اسم الناشر او الموزع | Hodder Arnold ; |
| تاريخ النشر أو التوزيع | 2011. |
| 300 ## - الوصف المادى | |
| التعداد | xxiii, 532 p. : |
| تفاصيل ماديه اخرى للوعاء | ill. ; |
| أبعاد الوعاء | 20 cm. |
| 500 ## - تبصرة عامة | |
| تبصرة عامة | Rev. ed. of: Accident and emergency. 4th ed. 2002. |
| 504 ## - تبصرة ببليوجرافية | |
| تبصرة ببليوجرافية,الخ | Includes bibliographical references and index. |
| 650 #0 - المدخل الاضافى بالموضوع-مصطلح موضوعى | |
| مصطلح موضوعي أو اسم جغرافي كعنصر مدخل | Emergency medicine |
| التقسيم الفرعي الشكلي | Handbooks, manuals, etc. |
| 9 (RLIN) | 13827 |
| 700 1# - المدخل الاضافى - اسم شخصى | |
| الإسم الشخصى | Cadogan, Michael D. |
| 9 (RLIN) | 37594 |
| 730 0# - المدخل الاضافى- عنوان موحد | |
| عنوان موحد | Accident and emergency. |
| 9 (RLIN) | 37595 |
| 906 ## - عنصر بيانات محلى F, LDF (RLIN) | |
| a | 7 |
| b | cbc |
| c | origcop |
| d | 2 |
| e | ncip |
| f | 20 |
| g | y-gencatlg |
| 942 ## - عناصر المدخل الإضافي( كوها) | |
| مصدر التصنيف او مخطط الترفيف | Dewey Decimal Classification |
| Koha [default] item type | كتاب |
| حالة الفقد | نموذج السعر الفعال | حالة تلف | ليس للاعارة | رقم الطلب | تاريخ الاكتساب | الموقع الحالي | الباركود | الفرع الرئيسي | Date last checked out | Date last seen | نوع المادة فى نظام كوها | مصدر التصنيف او خطة الترفيف | Total Checkouts | Total Renewals |
|---|---|---|---|---|---|---|---|---|---|---|---|---|---|---|
| 2013-10-10 | 616.025 BAE | 2013-10-10 | المكتبة المركزية بالمجمعة (CL) | 00401860 | المكتبة المركزية بالمجمعة (CL) | 2018-03-28 | 2018-05-13 | كتاب | Dewey Decimal Classification | 3 | ||||
| 2013-10-10 | 616.025 BAE | 2013-10-10 | المكتبة المركزية بالمجمعة (CL) | 00401861 | المكتبة المركزية بالمجمعة (CL) | 2018-01-21 | 2018-02-13 | كتاب | Dewey Decimal Classification | 3 | 1 | |||
| 2013-10-10 | 616.025 BAE | 2013-10-10 | المكتبة المركزية بالمجمعة (CL) | 00401862 | المكتبة المركزية بالمجمعة (CL) | 2018-01-21 | 2018-02-25 | كتاب | Dewey Decimal Classification | 4 | ||||
| 2013-10-10 | 616.025 BAE | 2013-10-10 | مكتبة مجمع الكليات بالزلفى - طلاب (SZM) | 00401863 | مكتبة مجمع الكليات بالزلفى - طلاب (SZM) | 2013-10-10 | كتاب | Dewey Decimal Classification | ||||||
| 2013-10-10 | 616.025 BAE | 2013-10-10 | مكتبة مجمع الكليات بالزلفى - طلاب (SZM) | 00401864 | مكتبة مجمع الكليات بالزلفى - طلاب (SZM) | 2013-10-10 | كتاب | Dewey Decimal Classification |
